| 000 | 00713nam a2200205 a 4500 | ||
|---|---|---|---|
| 001 | 000027520 | ||
| 003 | OSt | ||
| 005 | 20240307183814.0 | ||
| 008 | 110401s1981 dr ac r 000 0 spa d | ||
| 040 |
_aDO-SdBNP _bspa _cBNPHU |
||
| 082 |
_axxxx _bM433b |
||
| 100 | 1 |
_a Matos G., Ramiro _q(Matos González) _d1927- _937780 |
|
| 245 | 1 | 0 |
_aBanderas y escudos dominicanos / _cRamiro Matos González ; prólogo José Miguel Soto. |
| 260 |
_aSanto Domingo : _bEdita-Libros, _c1981. |
||
| 300 |
_a92 p. : _bil., retrs. ; _c25 cm. |
||
| 504 | _aIncluye referencias bibliográficas y notas al pie de las páginas | ||
| 590 | _aInventariado, 2020/ YL | ||
| 700 | 1 |
_aSoto, José Miguel, _epról. _926983 |
|
| 942 |
_2ddc _cLBS1 |
||
| 999 |
_c27012 _d27012 |
||